| 000 | 02134cam a22005414i 4500 | ||
|---|---|---|---|
| 003 | PE-LiUPU | ||
| 005 | 20250731180131.0 | ||
| 008 | 150625s r 000 0 d | ||
| 020 | _a8479785241 | ||
| 035 | _a(Sirsi) i9788479785246 | ||
| 040 |
_aPE-LiUPU _bspa _cPE-LiUPU _erda |
||
| 049 | _aPRUA | ||
| 082 | 0 | 4 |
_a576.163 _bV28 _221 |
| 100 | 1 |
_aAllaert Vandevenne, Corrie, _eautor. |
|
| 245 | 1 | 0 |
_aMétodos de análisis microbilógicos de alimentos / _cCorrie Allaert Vandevenne y Marta Escolá Ribes. |
| 264 | 1 |
_aMadrid : _bDíaz de Santos, _c2002. |
|
| 300 |
_a248.163 : _bV28 |
||
| 336 |
_atext _2rdacontent |
||
| 337 |
_aunmediated _2rdamedia |
||
| 338 |
_avolume _2rdacarrier |
||
| 504 | _aIncluye referencias bibliográficas. | ||
| 505 | 0 | _aProcedimiento general de redacción de métodos de análisis de alimentos (PNT-AL- 001). -Procedimiento de expresión de resultados (PNT-AL-002). -Procedimientos de métodos de análisis de alimentos. -Procedimiento general de preparació de medios de cultivo (PNT - ME-001) . -Procedimiento general de control de calidad de medios de cultivo ((PNT - ME 002). -Procedimiento de preparació de medios de cultivo. | |
| 526 | _aSEG44 | ||
| 526 | _aSEG26 | ||
| 526 | _aP159 | ||
| 526 | _aP155 | ||
| 526 | _aP154 | ||
| 526 | _aP153 | ||
| 526 | _aP150 | ||
| 526 | _aP100 | ||
| 526 | _aP31 | ||
| 526 | _aP30 | ||
| 526 | _aP26 | ||
| 526 | _aP25 | ||
| 526 | _aP24 | ||
| 526 | _aP22 | ||
| 526 | _aP15 | ||
| 526 | _aP10 | ||
| 541 | _g001-000081; | ||
| 650 | 0 | 4 |
_aAlimentos _xControl de calidad. |
| 650 | 0 | 4 |
_aMicrobiología alimentaria _xTécnica. |
| 700 | 1 | _aEscolá Ribes, Marta. | |
| 942 |
_2ddc _cBOOK |
||
| 949 |
_a576.163 V28 _wDEWEY _c1 _i56074 _lCCODEBUL1 _mBUL _p35.00 _r0 _sY _tBOOK _u2015-6-25 _xINGENIERIA _PP26 _0COMPRA _o.STAFF. Colección General |
||
| 994 |
_aC0 _bPEPRU |
||
| 596 | _a1 | ||
| 999 |
_a576.163 V28 _wDEWEY _c44903 _i56074 _d44903 _e2018-9-18 _f2021-11-5 _g7 _lCCODEBUL1 _mBUL _n6 _p35.00 _r0 _sN _tBOOK _u2015-6-25 _xBIBLIOTECA _PP26 _0COMPRA _o.STAFF. Colección General |
||
| 980 |
_81 _gALBERTO SANCHEZ Responsable de Automatización |
||